| 000 | 00580nam a22001937a 4500 | ||
|---|---|---|---|
| 005 | 20130614122707.0 | ||
| 010 | _aENG-107421 | ||
| 020 |
_a9788183163132 _c900.00 |
||
| 035 | _aEN-90954 | ||
| 037 | _bDBAD/PUB | ||
| 082 | _a372.3 | ||
| 100 | _aAmeeta, P. | ||
| 245 |
_aTechniques of teaching biological science / _cby P. Ameeta |
||
| 260 |
_aHyderabad _bNeelkamal Publications _c2012 |
||
| 270 |
_aSultan Bazar _bHyderabad _e500095 |
||
| 300 |
_axi,444p. _c23cm(Hb) |
||
| 500 | _aIncludes bibliographical references and index | ||
| 942 |
_2ddc _cEN _mAME _h372.3 |
||
| 999 |
_c76278 _d76278 |
||